000 01944nam a2200397 c 4500
003 BLK
005 20180420225850.0
008 180409b bul|||||r ||||||| ||bul||
010 _aKNG00103435000
020 _a954-529-222-9
_bиздат.: Колибри
040 _aBLK
041 _aBUL
_cBUL
080 _aПсихология на пола
_b159.922.1
_x-055.2
_z159.922.1-055.2
080 _aПсихоанализа
_b159.964.2
_x-055.2
_z159.964.2-055.2
080 _aПолово възпитание. Хигиена на половия живот - Полови излишества, проституция, полово въздържание
_b613.88
_x-055.2:159.964.2
_z613.88-055.2:159.964.2
100 1 _aОливие, Кристиан
_eпърви автор
_9307648
700 1 _aЦанева, Лилия
_eпрев. от фр.
_9307649
139 _aОливие, Кристиан
_bО 50
245 1 0 _aЕвини дъщери
_bПсихология и сексуалност на жената
_cКристиан Оливие; прев. от фр. Лилия Цанева.
257 _aFRA
260 София
_bКолибри
_c2001
_fСофия : Балкан прес
300 _a192 с.
_c20 см
380 _a1
500 _aОриг. загл. Filles d'Eve / Christiane Oliver. - Съдържа и Гледна точка на гинекологията / Клод Франсоаз Дюброй.
650 4 _aСексуалност - у жените - психоаналитични изследвания
_9256128
650 4 _aПолов живот - жени - психология
_9269373
650 4 _aЖени - психоаналитични изследвания
_9256127
653 _aпсихология
653 _aсексуалност
653 _aжени
852 _aЦб 212671
856 4 _qpdf
_u
856 4 _qpdf
_u
942 _cKNG
_n0
944 _aCR
_c01.01.2001
_kВаля_Йорданова
944 _aED
_c21.03.2011
_k
999 _c98491
_d98491